000 00784nam a2200253 i 4500
001 bg
003 BPK
005 20221206111827.0
008 060724s2006 pl a f f |000 0 pol
015 _aPB 2006/15726
020 _a8389808153
040 _aWA N
_cBPK
080 _a005.51
080 _a(07)
100 1 _aGołembska, Elżbieta
_d(1946- )
_eAutor
245 1 0 _aPodstawy logistyki /
_cElżbieta Gołembska.
260 _aŁódź :
_bWydawnictwo Naukowe Wyższej Szkoły Kupieckiej,
_c2006.
300 _a152 s. :
_bil. ;
_c24 cm.
504 _aBibliogr. s. 149-152.
650 4 _aLogistyka gospodarcza
655 4 _aPodręcznik
942 _2UKD
_cKS
856 _uhttp://koha.tu.koszalin.pl/cgi-bin/koha/opac-detail.pl?biblionumber=54690
_yKatalog online BPK
999 _c54690
_d54690